000 00676cad a22002055a 4500
001 E148571
008 091005s2008 xxk f 000 0 eng d
035 _a(Sirsi) u148571
041 0 _aeng
050 0 4 _a658.404 $2 18
110 2 _aRoyal Institution of Chartered Surveyors
_94900
245 0 0 _aRICS Scotland short form of consultant's appointment
260 _aCoventry
_bRICS Books
_c2008
300 _a8p.
_c30cm.
520 _aDesigned to be used for straightforward projects or those with a relatively low financial value.
521 _aAdvanced
651 4 _aScotland
_y1999-
690 _aMANAGEMENT-BUSINESS MANAGEMENT-PROFESSIONAL PRACTICE
942 _n0
_2ddc
999 _c110112
_d110112